000
00305nam a2200121Ia 4500
005
20251222141920.0
008
251222s9999||||xx |||||||||||||| ||spa||
082
_a
828.9/E41C/2006
100
_a
Eliot, Thomas Stearns
245
0
_a
Coros de la Roca
264
_b
Centro Cultural Charles PƩguy
942
_c
LIB
999
_c
8669
_d
8669